[Event "Almaty Open 2019"]
[Site "Almaty"]
[Date "2019.10.12"]
[Round "7.6"]
[White "Serikbay, Chingiz"]
[Black "Kostenko, Petr"]
[Result "1/2-1/2"]
[WhiteElo "2298"]
[BlackElo "2462"]
[Annotator "ChessBase"]
[PlyCount "125"]
[EventDate "2019.10.07"]
[EventType "swiss"]
[EventCountry "KAZ"]
[SourceTitle "playchess.com"]
[Source "ChessBase"]
[SourceQuality "1"]
[TimeControl "5400+30"]

1. d4 {[%emt 0:01:35]} d5 {[%emt 0:00:43]} 2. Nf3 {[%emt 0:00:58]} Nf6 {[%emt 0:00:08]} 3. c4 {[%emt 0:00:22]} e6 {[%emt 0:01:51]} 4. g3 {[%emt 0:00:05]} dxc4 {[%emt 0:00:19]} 5. Qa4+ {[%emt 0:00:51]} c6 {[%emt 0:02:42]} 6. Qxc4 {[%emt 0:00:06]} b5 {[%emt 0:00:03]} 7. Qc2 {[%emt 0:01:03]} Bb7 {[%emt 0:00:18]} 8. Bg2 {[%emt 0:00:36]} Nbd7 {[%emt 0:00:41]} 9. O-O {[%emt 0:00:15]} c5 {[%emt 0:00:51]} 10. a4 {[%emt 0:09:13]} b4 {[%emt 0:00:17]} 11. Nbd2 {[%emt 0:09:06]} Rc8 {[%emt 0:00:16]} 12. Qd3 {[%emt 0:04:23]} Be7 {[%emt 0:03:18]} 13. b3 {[%emt 0:03:04]} cxd4 {[%emt 0:03:28]} 14. Qxd4 {[%emt 0:03:21]} O-O {[%emt 0:04:01]} 15. Bb2 {[%emt 0:06:44]} Qa5 {[%emt 0:06:26]} 16. Nc4 {[%emt 0:02:42]} Qa6 {[%emt 0:00:16]} 17. Nfe5 {[%emt 0:03:34]} Bxg2 {[%emt 0:01:35]} 18. Kxg2 {[%emt 0:00:01]} Nc5 {[%emt 0:00:22]} 19. Qd1 {[%emt 0:06:23]} Nd5 {[%emt 0:00:33]} 20. Rc1 {[%emt 0:08:59]} Rc7 {[%emt 0:18:10]} 21. Kg1 {[%emt 0:03:24]} Rfc8 {[%emt 0:00:42]} 22. Bd4 {[%emt 0:04:06]} f6 {[%emt 0:03:08]} 23. Bxc5 {[%emt 0:00:20]} Bxc5 {[%emt 0:00:11]} 24. Nd3 {[%emt 0:06:01]} Nc3 {[%emt 0:01:45]} 25. Qd2 {[%emt 0:04:22]} Bf8 {[%emt 0:00:29]} 26. Rc2 {[%emt 0:00:48]} Qb7 {[%emt 0:01:19]} 27. Rfc1 {[%emt 0:01:45]} e5 {[%emt 0:02:39]} 28. Ndb2 {[%emt 0:04:09]} Rd7 {[%emt 0:01:17]} 29. Qe1 {[%emt 0:00:04]} Bc5 {[%emt 0:03:57]} 30. Nd1 {[%emt 0:03:01]} Ne4 {[%emt 0:01:05]} 31. Nd2 {[%emt 0:02:27]} Nxd2 {[%emt 0:06:27]} 32. Rxd2 {[%emt 0:00:02]} Bd4 {[%emt 0:02:27]} 33. Rdc2 {[%emt 0:01:53]} Rcd8 {[%emt 0:00:40]} 34. e3 {[%emt 0:01:18]} Bb6 {[%emt 0:00:28]} 35. Nb2 {[%emt 0:01:08]} a5 {[%emt 0:00:31]} 36. Qe2 {[%emt 0:00:43]} Ba7 {[%emt 0:04:44]} 37. Qc4+ {[%emt 0:00:45]} Kf8 {[%emt 0:00:32]} 38. Qc6 {[%emt 0:00:40]} e4 {[%emt 0:04:50]} 39. Qxb7 {[%emt 0:00:04]} Rxb7 {[%emt 0:00:03]} 40. Rc8 {[%emt 0:01:38]} Bb6 {[%emt 0:04:14]} 41. Kf1 {[%emt 0:00:29]} Ke7 {[%emt 0:00:27]} 42. Rxd8 {[%emt 0:00:06]} Bxd8 {[%emt 0:00:26]} 43. Rc4 {[%emt 0:01:00]} f5 {[%emt 0:00:05]} 44. Rc5 {[%emt 0:00:59]} Ke6 {[%emt 0:00:15]} 45. Nc4 {[%emt 0:01:57]} Rd7 {[%emt 0:00:36]} 46. Rc6+ {[%emt 0:04:28]} Ke7 {[%emt 0:01:14]} 47. Ra6 {[%emt 0:00:17]} Rd5 {[%emt 0:06:14]} 48. Ke2 {[%emt 0:00:01]} Bc7 {[%emt 0:00:30]} 49. f3 {[%emt 0:00:08]} exf3+ {[%emt 0:02:07]} 50. Kxf3 {[%emt 0:00:00]} Rd3 {[%emt 0:03:57]} 51. Nxa5 {[%emt 0:00:01]} Bxa5 {[%emt 0:00:14]} 52. Rxa5 {[%emt 0:00:01]} Kf6 {[%emt 0:00:12]} 53. Ra6+ {[%emt 0:00:35]} Ke5 {[%emt 0:00:20]} 54. Ra7 {[%emt 0:00:17]} Kf6 {[%emt 0:00:09]} 55. h4 {[%emt 0:02:26]} Rxb3 {[%emt 0:00:23]} 56. Kf4 {[%emt 0:00:39]} Ra3 {[%emt 0:01:14]} 57. Ra6+ {[%emt 0:00:01]} Kf7 {[%emt 0:00:16]} 58. Rb6 {[%emt 0:01:17]} Rxa4 59. Kxf5 {[%emt 0:00:01]} Ra3 {[%emt 0:02:38]} 60. Rb7+ {[%emt 0:00:00]} Kf8 {[%emt 0:00:06]} 61. Rb8+ {[%emt 0:00:09]} Kf7 {[%emt 0:00:01]} 62. Rb7+ {[%emt 0:00:01]} Kf8 {[%emt 0:00:07]} 63. Rb8+ 1/2-1/2

[Event "Almaty Open 2019"]
[Site "Almaty"]
[Date "2019.10.12"]
[Round "7.7"]
[White "Moisseyenko, Ilya"]
[Black "Barsov, Alexei"]
[Result "1/2-1/2"]
[WhiteElo "2264"]
[BlackElo "2365"]
[Annotator "NA"]
[PlyCount "149"]
[EventDate "2019.10.07"]
[EventType "swiss"]
[EventCountry "KAZ"]
[SourceTitle "playchess.com"]
[Source "ChessBase"]
[SourceQuality "1"]
[TimeControl "5400+30"]

1. d4 {[%emt 0:00:00]} d5 {[%emt 0:00:00]} 2. Nf3 {[%emt 0:00:00]} Nf6 {[%emt 0:00:00]} 3. c4 {[%emt 0:00:00]} e6 {[%emt 0:00:00]} 4. Nc3 {[%emt 0:00:02]} Be7 {[%emt 0:00:00]} 5. cxd5 {[%emt 0:01:34]} exd5 {[%emt 0:00:00]} 6. Bg5 {[%emt 0:00:03]} c6 {[%emt 0:00:18]} 7. Qc2 {[%emt 0:00:04]} g6 {[%emt 0:00:06]} 8. e3 $11 {[%emt 0:00:56]} Bf5 {[%emt 0:00:07]} 9. Bd3 {[%emt 0:00:04]} Bxd3 {[%emt 0:00:06]} 10. Qxd3 {[%emt 0:00:03]} Nbd7 {[%emt 0:01:39]} 11. O-O {[%emt 0:00:07]} O-O {[%emt 0:00:17]} 12. Rab1 {[%emt 0:00:43]} a5 {[%emt 0:00:06]} 13. Rbe1 {[%emt 0:00:24]} Ne4 {[%emt 0:07:59]} 14. Bf4 {[%emt 0:03:39]} g5 {[%emt 0:10:51]} 15. Bg3 {[%emt 0:03:38]} f5 {[%emt 0:00:05]} 16. Ne2 {[%emt 0:08:54]} Bb4 {[%emt 0:09:14]} 17. Rd1 {[%emt 0:02:23]} Qe7 {[%emt 0:00:05]} 18. a3 {[%emt 0:35:28]} Bd6 {[%emt 0:00:16]} 19. Qb3 {[%emt 0:04:46]} Ra7 {[%emt 0:17:23]} 20. Rfe1 {[%emt 0:05:38]} a4 {[%emt 0:06:49]} 21. Qc2 {[%emt 0:00:10]} h5 {[%emt 0:21:02]} 22. Bxd6 {[%emt 0:08:40]} Nxd6 {[%emt 0:00:30]} 23. h4 {[%emt 0:01:19]} g4 {[%emt 0:04:35]} 24. Ng5 {[%emt 0:00:07]} Ne4 {[%emt 0:00:06]} 25. Nf4 {[%emt 0:00:18]} Nxg5 {[%emt 0:00:55]} 26. hxg5 {[%emt 0:00:03]} Rf7 {[%emt 0:07:41]} 27. g6 {[%emt 0:01:04]} Rf8 {[%emt 0:00:04]} 28. g3 {[%emt 0:01:43]} Qe4 {[%emt 0:05:20]} 29. Qxe4 {[%emt 0:03:17]} fxe4 {[%emt 0:00:06]} 30. Nxh5 {[%emt 0:00:38]} Rf5 {[%emt 0:02:00]} 31. Nf4 {[%emt 0:00:01]} Nf8 {[%emt 0:00:06]} 32. Kg2 {[%emt 0:00:36]} Rg5 {[%emt 0:00:32]} 33. Rh1 {[%emt 0:00:52]} Nxg6 {[%emt 0:00:05]} 34. Rh6 {[%emt 0:01:22]} Nxf4+ {[%emt 0:00:42]} 35. gxf4 {[%emt 0:00:01]} Rg7 {[%emt 0:00:08]} 36. Rdh1 {[%emt 0:00:29]} Ra5 {[%emt 0:03:45]} 37. Rh8+ {[%emt 0:00:08]} Kf7 {[%emt 0:00:05]} 38. Kg3 {[%emt 0:00:15]} Rb5 {[%emt 0:00:11]} 39. Ra8 {[%emt 0:00:41]} Rxb2 {[%emt 0:00:25]} 40. Rxa4 {[%emt 0:00:01]} Kg6 {[%emt 0:02:57]} 41. Ra8 {[%emt 0:04:15]} Ra2 {[%emt 0:01:22]} 42. a4 {[%emt 0:04:00]} Kf6 {[%emt 0:02:08]} 43. a5 {[%emt 0:00:33]} Ke7 {[%emt 0:00:48]} 44. Rb1 {[%emt 0:01:37]} Kd6 {[%emt 0:00:07]} 45. Ra7 {[%emt 0:00:35]} Rh7 {[%emt 0:00:57]} 46. f5 {[%emt 0:08:10]} Rf7 {[%emt 0:00:23]} 47. Rbxb7 {[%emt 0:00:20]} Rxf5 {[%emt 0:00:22]} 48. Rd7+ {[%emt 0:00:16]} Ke6 {[%emt 0:00:05]} 49. Re7+ {[%emt 0:00:16]} Kf6 {[%emt 0:00:01]} 50. Rf7+ {[%emt 0:00:20]} Ke6 {[%emt 0:01:15]} 51. Rxf5 {[%emt 0:00:16]} Kxf5 {[%emt 0:00:03]} 52. a6 {[%emt 0:00:05]} Ke6 {[%emt 0:00:55]} 53. Ra8 {[%emt 0:00:26]} Kd7 {[%emt 0:00:45]} 54. Kxg4 {[%emt 0:01:35]} Kc7 {[%emt 0:00:05]} 55. Rf8 {[%emt 0:03:09]} Rxa6 {[%emt 0:00:29]} 56. Kf5 {[%emt 0:00:07]} Ra2 {[%emt 0:00:59]} 57. Ke6 {[%emt 0:00:09]} Rc2 {[%emt 0:00:14]} 58. Rf7+ {[%emt 0:00:05]} Kb6 {[%emt 0:00:30]} 59. Kd6 {[%emt 0:00:02]} Rc1 {[%emt 0:00:36]} 60. Rf8 {[%emt 0:00:15]} Kb7 {[%emt 0:00:08]} 61. Rg8 {[%emt 0:00:33]} Rf1 {[%emt 0:00:38]} 62. Rf8 {[%emt 0:00:53]} Rc1 {[%emt 0:00:12]} 63. Rf7+ {[%emt 0:01:09]} Kb6 {[%emt 0:00:05]} 64. Kd7 {[%emt 0:00:29]} Rc2 {[%emt 0:01:28]} 65. Kc8 {[%emt 0:01:05]} c5 {[%emt 0:00:25]} 66. Rf6+ {[%emt 0:00:33]} Kb5 {[%emt 0:00:12]} 67. dxc5 {[%emt 0:00:07]} Kxc5 {[%emt 0:00:41]} 68. Kd7 {[%emt 0:00:01]} Ra2 {[%emt 0:00:30]} 69. Rc6+ {[%emt 0:00:46]} Kb5 {[%emt 0:00:07]} 70. Rd6 {[%emt 0:01:10]} Kc4 {[%emt 0:00:41]} 71. Ke6 {[%emt 0:00:30]} Rxf2 {[%emt 0:00:24]} 72. Rxd5 {[%emt 0:00:24]} Rf6+ {[%emt 0:00:20]} 73. Kxf6 {[%emt 0:00:53]} Kxd5 {[%emt 0:00:05]} 74. Kf5 {[%emt 0:00:03]} Kd6 {[%emt 0:00:06]} 75. Kxe4 {[%emt 0:00:06] Ke5+} 1/2-1/2

[Event "Almaty Open 2019"]
[Site "Almaty"]
[Date "2019.10.12"]
[Round "7.8"]
[White "Simantsev, Mikhail"]
[Black "Rakhimzhan, Alen"]
[Result "0-1"]
[WhiteElo "2365"]
[BlackElo "2303"]
[Annotator "NA"]
[PlyCount "113"]
[EventDate "2019.10.07"]
[EventType "swiss"]
[EventCountry "KAZ"]
[SourceTitle "playchess.com"]
[Source "ChessBase"]
[SourceQuality "1"]
[TimeControl "5400+30"]

1. d4 {[%emt 0:09:55]} Nf6 {[%emt 0:06:05]} 2. c4 {[%emt 0:00:01]} e6 {[%emt 0:00:30]} 3. Nf3 {[%emt 0:00:02]} b6 {[%emt 0:00:11]} 4. g3 {[%emt 0:00:08]} c6 {[%emt 0:00:12]} 5. Bg2 {[%emt 0:01:04]} Be7 {[%emt 0:00:11]} 6. O-O {[%emt 0:00:06]} O-O {[%emt 0:00:13]} 7. b3 {[%emt 0:02:20]} d5 {[%emt 0:00:15]} 8. Bb2 {[%emt 0:00:34]} Nbd7 {[%emt 0:00:22]} 9. Nbd2 {[%emt 0:07:18]} Ba6 $11 {[%emt 0:00:10]} 10. Qc2 {[%emt 0:23:53]} Rc8 {[%emt 0:00:13]} 11. e4 {[%emt 0:06:00]} c5 {[%emt 0:00:50]} 12. exd5 {[%emt 0:09:47]} exd5 {[%emt 0:00:13]} 13. Qf5 {[%emt 0:05:14]} g6 {[%emt 0:00:04]} 14. Qf4 {[%emt 0:02:58]} Nh5 {[%emt 0:07:36]} 15. Qh6 {[%emt 0:04:37]} Re8 {[%emt 0:00:36]} 16. Rfe1 {[%emt 0:00:20]} Bf8 {[%emt 0:00:51]} 17. Rxe8 {[%emt 0:00:15]} Qxe8 {[%emt 0:00:03]} 18. Qg5 {[%emt 0:00:02]} h6 {[%emt 0:08:16]} 19. Qh4 {[%emt 0:04:02]} dxc4 {[%emt 0:07:24]} 20. Re1 {[%emt 0:01:54]} Qd8 {[%emt 0:00:19]} 21. Qxd8 {[%emt 0:00:43]} Rxd8 {[%emt 0:00:16]} 22. Nxc4 {[%emt 0:00:01]} Bxc4 {[%emt 0:12:43]} 23. bxc4 {[%emt 0:00:02]} cxd4 {[%emt 0:00:05]} 24. Nxd4 {[%emt 0:00:26]} Nc5 {[%emt 0:00:12]} 25. Ba1 {[%emt 0:13:17]} Bg7 {[%emt 0:25:54]} 26. Bd5 {[%emt 0:00:37]} Nf6 {[%emt 0:02:55]} 27. Nc6 {[%emt 0:01:07]} Rd7 {[%emt 0:07:55]} 28. Nb8 {[%emt 0:03:45]} Rd8 {[%emt 0:00:50]} 29. Nc6 {[%emt 0:00:01]} Rd7 {[%emt 0:00:11]} 30. Bxf6 {[%emt 0:02:13]} Bxf6 {[%emt 0:00:08]} 31. Re8+ {[%emt 0:00:01]} Kg7 {[%emt 0:00:03]} 32. Ra8 {[%emt 0:00:14]} a6 {[%emt 0:03:05]} 33. Rc8 {[%emt 0:00:28]} Nd3 {[%emt 0:01:33]} 34. Be4 {[%emt 0:02:36]} Nc5 {[%emt 0:03:12]} 35. Bd5 {[%emt 0:00:06]} Nd3 {[%emt 0:00:05]} 36. Nb8 {[%emt 0:00:42]} Re7 {[%emt 0:00:24]} 37. Nc6 {[%emt 0:00:06]} Rd7 {[%emt 0:02:38]} 38. Rb8 {[%emt 0:00:44]} Nc1 {[%emt 0:05:30]} 39. Rxb6 {[%emt 0:00:27]} Nxa2 {[%emt 0:00:40]} 40. Rxa6 {[%emt 0:00:02]} Nc3 {[%emt 0:00:26]} 41. Ra5 {[%emt 0:01:23]} g5 {[%emt 0:02:38]} 42. Kg2 {[%emt 0:00:24]} Kg6 {[%emt 0:01:46]} 43. h3 {[%emt 0:00:19]} h5 {[%emt 0:00:19]} 44. Kf3 {[%emt 0:00:17]} Rd6 {[%emt 0:01:19]} 45. g4 {[%emt 0:01:07]} hxg4+ {[%emt 0:01:40]} 46. hxg4 {[%emt 0:00:01]} Kg7 {[%emt 0:01:18]} 47. Ke3 {[%emt 0:00:35]} Rd7 {[%emt 0:00:36]} 48. f3 {[%emt 0:01:00]} Rb7 {[%emt 0:00:27]} 49. Nd4 {[%emt 0:00:34]} Re7+ {[%emt 0:00:29]} 50. Kd3 {[%emt 0:00:11]} Bxd4 {[%emt 0:00:33]} 51. Kxd4 {[%emt 0:00:01]} Ne2+ {[%emt 0:00:13]} 52. Kc5 {[%emt 0:00:12]} Kf6 {[%emt 0:00:33]} 53. Kd6 {[%emt 0:00:23]} Nf4 {[%emt 0:00:35]} 54. c5 {[%emt 0:01:38]} Nxd5 {[%emt 0:00:21]} 55. Kxd5 {[%emt 0:00:05]} Re3 {[%emt 0:00:02]} 56. c6 {[%emt 0:00:13]} Re5+ {[%emt 0:00:09]} 57. Kd4 0-1

[Event "Almaty Open 2019"]
[Site "Almaty"]
[Date "2019.10.12"]
[Round "7.9"]
[White "Urazayev, Arystanbek"]
[Black "Dzhumaev, Marat"]
[Result "0-1"]
[WhiteElo "2420"]
[BlackElo "2428"]
[Annotator "NA"]
[PlyCount "70"]
[EventDate "2019.10.07"]
[EventType "swiss"]
[EventCountry "KAZ"]
[SourceTitle "playchess.com"]
[Source "ChessBase"]
[SourceQuality "1"]
[TimeControl "5400+30"]

1. e4 {[%emt 0:00:00]} c5 {[%emt 0:12:46]} 2. Nf3 {[%emt 0:00:00]} d6 {[%emt 0:00:28]} 3. d4 {[%emt 0:00:19]} cxd4 {[%emt 0:00:13]} 4. Nxd4 {[%emt 0:00:04]} Nf6 {[%emt 0:00:15]} 5. Nc3 {[%emt 0:00:04]} a6 {[%emt 0:00:34]} 6. Be3 {[%emt 0:00:07]} e6 {[%emt 0:04:42]} 7. a3 {[%emt 0:00:05]} Qc7 {[%emt 0:01:08]} 8. g4 {[%emt 0:07:16]} h6 $14 {[%emt 0:14:14]} 9. h4 {[%emt 0:05:44]} Nc6 {[%emt 0:00:58]} 10. Rg1 {[%emt 0:06:54]} h5 {[%emt 0:06:56]} 11. g5 {[%emt 0:13:38]} Ng4 {[%emt 0:00:17]} 12. Qd2 {[%emt 0:02:20]} Nxe3 {[%emt 0:01:00]} 13. Qxe3 {[%emt 0:00:24]} g6 {[%emt 0:02:53]} 14. O-O-O {[%emt 0:10:48]} Bg7 {[%emt 0:00:16]} 15. Nxc6 {[%emt 0:04:54]} bxc6 {[%emt 0:01:25]} 16. f4 {[%emt 0:03:42]} O-O {[%emt 0:08:14]} 17. Bh3 {[%emt 0:03:55]} d5 {[%emt 0:07:12]} 18. f5 {[%emt 0:10:45]} d4 {[%emt 0:11:02]} 19. Rxd4 {[%emt 0:00:54]} Bxd4 {[%emt 0:00:09]} 20. Qxd4 {[%emt 0:00:04]} Qf4+ {[%emt 0:00:10]} 21. Kb1 {[%emt 0:05:52]} exf5 {[%emt 0:00:14]} 22. Qd3 {[%emt 0:03:37]} Re8 {[%emt 0:04:17]} 23. Rf1 {[%emt 0:03:37]} Qxh4 {[%emt 0:01:03]} 24. exf5 {[%emt 0:00:23]} Re1+ {[%emt 0:01:22]} 25. Ka2 {[%emt 0:06:29]} Bxf5 {[%emt 0:00:42]} 26. Bxf5 {[%emt 0:01:45]} Rxf1 {[%emt 0:00:17]} 27. Bxg6 {[%emt 0:01:27]} Qe1 {[%emt 0:03:17]} 28. Bh7+ {[%emt 0:03:34]} Kg7 {[%emt 0:00:45]} 29. Be4 {[%emt 0:00:40]} Rb8 {[%emt 0:04:08]} 30. b4 {[%emt 0:01:07]} Rd8 {[%emt 0:01:36]} 31. Qc4 {[%emt 0:02:03]} Rg1 {[%emt 0:04:15]} 32. Qc5 {[%emt 0:00:51]} Qg3 {[%emt 0:02:32]} 33. Ne2 {[%emt 0:00:35]} Ra1+ {[%emt 0:00:10]} 34. Kxa1 {[%emt 0:00:54]} Qxa3+ {[%emt 0:00:08]} 35. Kb1 {[%emt 0:00:02]} Rd1+ {[%emt 0:00:09]} 0-1

[Event "Almaty Open 2019"]
[Site "Almaty"]
[Date "2019.10.12"]
[Round "7.10"]
[White "Amanov, Zhanibek"]
[Black "Sisabayev, Kuanysh"]
[Result "1-0"]
[WhiteElo "2339"]
[BlackElo "2289"]
[Annotator "NA"]
[PlyCount "53"]
[EventDate "2019.10.07"]
[EventType "swiss"]
[EventCountry "KAZ"]
[SourceTitle "playchess.com"]
[Source "ChessBase"]
[SourceQuality "1"]
[TimeControl "5400+30"]

1. e4 {[%emt 0:19:37]} c5 {[%emt 0:00:20]} 2. Nf3 {[%emt 0:00:10]} a6 {[%emt 0:01:54]} 3. g3 {[%emt 0:01:16]} g6 {[%emt 0:00:14]} 4. Bg2 {[%emt 0:04:51]} Bg7 {[%emt 0:00:07]} 5. O-O {[%emt 0:03:37]} Nc6 {[%emt 0:00:29]} 6. c3 {[%emt 0:00:45]} e5 {[%emt 0:00:16]} 7. Na3 {[%emt 0:07:28]} Nge7 {[%emt 0:00:09]} 8. Nc4 {[%emt 0:00:29]} d6 {[%emt 0:00:37]} 9. a4 {[%emt 0:01:16]} Be6 {[%emt 0:00:15]} 10. d3 {[%emt 0:01:28]} O-O {[%emt 0:01:42]} 11. Ng5 {[%emt 0:00:59]} Bc8 {[%emt 0:00:06]} 12. f4 {[%emt 0:00:22]} h6 {[%emt 0:00:35]} 13. Nf3 {[%emt 0:00:01]} Be6 {[%emt 0:01:21]} 14. a5 {[%emt 0:07:55]} Bxc4 {[%emt 0:00:54]} 15. dxc4 {[%emt 0:00:12]} Nxa5 {[%emt 0:00:10]} 16. f5 {[%emt 0:08:49]} gxf5 {[%emt 0:32:07]} 17. Nh4 {[%emt 0:00:44]} f4 {[%emt 0:04:41]} 18. gxf4 {[%emt 0:03:54]} exf4 {[%emt 0:00:32]} 19. Bxf4 {[%emt 0:01:22]} Nxc4 {[%emt 0:00:12]} 20. Qh5 {[%emt 0:03:21]} Kh7 {[%emt 0:14:41]} 21. Bxh6 {[%emt 0:14:58]} Bxh6 {[%emt 0:00:25]} 22. Rf6 {[%emt 0:03:30]} Ng8 {[%emt 0:01:19]} 23. Rxf7+ {[%emt 0:00:13]} Rxf7 {[%emt 0:00:06]} 24. Qxf7+ {[%emt 0:00:04]} Bg7 {[%emt 0:00:13]} 25. Qf5+ {[%emt 0:00:19]} Kh8 {[%emt 0:00:29]} 26. Ng6+ {[%emt 0:00:03]} Kh7 {[%emt 0:00:16]} 27. Nf8+ {[%emt 0:00:06]} 1-0

[Event "Almaty Open 2019"]
[Site "Almaty"]
[Date "2019.10.12"]
[Round "7.11"]
[White "Kenzhalin, Nursultan"]
[Black "Dauletova, Gulmira"]
[Result "1-0"]
[WhiteElo "2185"]
[BlackElo "2259"]
[Annotator "NA"]
[PlyCount "123"]
[EventDate "2019.10.07"]
[EventType "swiss"]
[EventCountry "KAZ"]
[SourceTitle "playchess.com"]
[Source "ChessBase"]
[SourceQuality "1"]
[TimeControl "5400+30"]

1. d4 {[%emt 0:00:00]} Nf6 {[%emt 0:00:00]} 2. c4 {[%emt 0:00:00]} e6 {[%emt 0:00:00]} 3. Nf3 {[%emt 0:00:00]} d5 {[%emt 0:00:25]} 4. g3 {[%emt 0:00:00]} dxc4 {[%emt 0:00:42]} 5. Bg2 $11 {[%emt 0:00:04]} a6 {[%emt 0:02:27]} 6. O-O {[%emt 0:00:31]} Nc6 {[%emt 0:00:06]} 7. e3 {[%emt 0:01:12]} Bd7 {[%emt 0:00:08]} 8. Qe2 {[%emt 0:00:42]} b5 {[%emt 0:00:38]} 9. a4 {[%emt 0:00:35]} Rb8 {[%emt 0:00:37]} 10. axb5 {[%emt 0:03:42]} axb5 {[%emt 0:00:06]} 11. Nc3 {[%emt 0:00:12]} Be7 {[%emt 0:04:57]} 12. Ne5 {[%emt 0:03:31]} Nb4 {[%emt 0:03:22]} 13. e4 {[%emt 0:05:29]} O-O {[%emt 0:08:54]} 14. Be3 {[%emt 0:02:43]} Qc8 {[%emt 0:07:01]} 15. Rfd1 {[%emt 0:01:38]} Rd8 {[%emt 0:02:02]} 16. g4 {[%emt 0:09:00]} Be8 {[%emt 0:12:06]} 17. Na2 {[%emt 0:10:28]} Nxa2 {[%emt 0:15:41]} 18. Rxa2 {[%emt 0:00:46]} c5 {[%emt 0:00:45]} 19. d5 {[%emt 0:04:17]} Bd6 {[%emt 0:02:11]} 20. f4 {[%emt 0:05:14]} Qc7 {[%emt 0:07:18]} 21. Bd2 {[%emt 0:14:53]} Bxe5 {[%emt 0:07:59]} 22. Ba5 {[%emt 0:06:40]} Bd4+ {[%emt 0:00:07]} 23. Rxd4 {[%emt 0:01:57]} Qxf4 {[%emt 0:00:01]} 24. Rd1 {[%emt 0:00:51]} Nxg4 {[%emt 0:08:47]} 25. h3 {[%emt 0:06:22]} Qh2+ {[%emt 0:02:23]} 26. Kf1 {[%emt 0:00:08]} Qf4+ {[%emt 0:02:07]} 27. Kg1 {[%emt 0:00:25]} Ne5 {[%emt 0:00:26]} 28. Rf1 {[%emt 0:02:58]} Qg5 {[%emt 0:00:32]} 29. Bc7 {[%emt 0:02:41]} f6 {[%emt 0:04:19]} 30. Bxb8 {[%emt 0:07:59]} Rxb8 {[%emt 0:00:02]} 31. dxe6 {[%emt 0:02:55]} b4 {[%emt 0:03:46]} 32. Rfa1 {[%emt 0:01:36]} Bc6 {[%emt 0:00:51]} 33. Ra6 {[%emt 0:00:09]} h5 {[%emt 0:02:20]} 34. Rxc6 {[%emt 0:01:58]} Nxc6 {[%emt 0:00:06]} 35. Qxc4 {[%emt 0:00:05]} Qe3+ {[%emt 0:00:40]} 36. Kh1 {[%emt 0:00:15]} Ne5 {[%emt 0:00:21]} 37. Qd5 {[%emt 0:00:18]} Qd4 {[%emt 0:00:50]} 38. e7+ {[%emt 0:01:52]} Qxd5 {[%emt 0:00:17]} 39. exd5 {[%emt 0:00:02]} Kf7 {[%emt 0:00:37]} 40. d6 {[%emt 0:00:09]} Ke6 {[%emt 0:00:34]} 41. Ra8 {[%emt 0:03:54]} Rxa8 {[%emt 0:01:28]} 42. Bxa8 {[%emt 0:00:02]} Kf7 {[%emt 0:00:24]} 43. Bd5+ {[%emt 0:00:37]} Ke8 {[%emt 0:00:02]} 44. Bb3 {[%emt 0:00:06]} c4 {[%emt 0:00:28]} 45. Ba4+ {[%emt 0:00:01]} Nd7 {[%emt 0:00:01]} 46. Bc2 {[%emt 0:01:01]} Ne5 {[%emt 0:00:27]} 47. Ba4+ {[%emt 0:00:04]} Nd7 {[%emt 0:00:03]} 48. Kg2 {[%emt 0:01:27]} b3 {[%emt 0:03:12]} 49. Kf3 {[%emt 0:00:06]} c3 {[%emt 0:00:57]} 50. bxc3 {[%emt 0:00:04]} b2 {[%emt 0:00:00]} 51. Bc2 {[%emt 0:00:01]} Ne5+ {[%emt 0:01:07]} 52. Ke4 {[%emt 0:01:46]} g6 {[%emt 0:00:48]} 53. Kd5 {[%emt 0:01:32]} Kf7 {[%emt 0:00:00]} 54. c4 {[%emt 0:00:25]} g5 {[%emt 0:00:21]} 55. c5 {[%emt 0:01:14]} g4 {[%emt 0:01:10]} 56. hxg4 {[%emt 0:00:16]} h4 {[%emt 0:00:06]} 57. c6 {[%emt 0:00:11]} h3 {[%emt 0:00:01]} 58. c7 {[%emt 0:00:05]} h2 {[%emt 0:00:01]} 59. e8=Q+ {[%emt 0:00:07]} Kxe8 {[%emt 0:00:11]} 60. c8=Q+ {[%emt 0:00:02]} Kf7 {[%emt 0:00:07]} 61. Qb7+ {[%emt 0:00:27]} Kf8 {[%emt 0:00:58]} 62. Ke6 {[%emt 0:00:30]} 1-0